[Event "Barquisimeto Cup Lara op"]
[Site "Barquisimeto"]
[Date "2019.02.16"]
[Round "3"]
[White "Gil Oviedo, Luis Mariano"]
[Black "Galavis, Manuel Alejandro"]
[Result "0-1"]
[WhiteElo "1294"]
[BlackElo "1460"]
[PlyCount "72"]
[EventDate "2019.02.15"]
[EventType "swiss"]
[EventRounds "5"]
[EventCountry "VEN"]
[SourceTitle "EXT 2022"]
[Source "ChessBase"]
[SourceDate "2021.10.06"]
[SourceVersion "1"]
[SourceVersionDate "2021.10.06"]
[SourceQuality "1"]

1. e4 c5 2. Nf3 d6 3. d4 cxd4 4. Nxd4 Nf6 5. Nc3 a6 6. f3 e5 7. Nb3 Be6 8. Bg5 Nbd7 9. Qd2 h5 10. 0-0-0 b5 11. Re1 Be7 12. Kb1 Rc8 13. f4 Qc7 14. Bd3 Nb6 15. h3 Nc4 16. Qf2 Nxb2 17. Kxb2 Qxc3+ 18. Kb1 Bc4 19. Rd1 Nd7 20. Bxe7 Kxe7 21. Rhf1 f6 22. Qa7 Bxd3 23. cxd3 Rc7 24. Qxa6 Rc6 25. Qxb5 Rb8 26. Qa4 Rb4 27. Qa3 Rcb6 28. Qb2 Rxb3 29. axb3 Rxb3 30. Qxb3 Qxb3+ 31. Kc1 Nc5 32. Rf3 Qc3+ 33. Kb1 Nb3 34. Re3 Nd2+ 35. Rxd2 Qxd2 36. Rg3 Qe1+ 0-1

[Event "Barquisimeto Divina Pastora op"]
[Site "Barquisimeto"]
[Date "2019.01.19"]
[Round "2"]
[White "Ramos, Marco Aurelio"]
[Black "Galavis, Manuel Alejandro"]
[Result "0-1"]
[WhiteElo "1764"]
[BlackElo "1483"]
[PlyCount "56"]
[EventDate "2019.01.18"]
[EventType "swiss"]
[EventRounds "5"]
[EventCountry "VEN"]
[SourceTitle "EXT 2021"]
[Source "ChessBase"]
[SourceDate "2020.10.23"]
[SourceVersion "1"]
[SourceVersionDate "2020.10.23"]
[SourceQuality "1"]

1. e4 c5 2. Nf3 d6 3. d4 cxd4 4. Nxd4 Nf6 5. Nc3 a6 6. Be2 e6 7. Bg5 Be7 8. 0-0 Nc6 9. Kh1 0-0 10. f4 Bd7 11. a3 Rc8 12. Nxc6 Bxc6 13. Bd3 Re8 14. Qe2 Qb6 15. Rab1 Qc7 16. e5 dxe5 17. fxe5 Nd5 18. Qh5 g6 19. Qg4 Qxe5 20. Bxe7 Rxe7 21. Nxd5 Bxd5 22. c3 Rd7 23. Qe2 Rcd8 24. Rbe1 Qc7 25. h4 Qc4 26. Rf4 Qc5 27. h5 Qf8 28. hxg6 hxg6 0-1